[Event "Messina op 2nd"]
[Site "Messina"]
[Date "2012.08.27"]
[Round "1"]
[White "Velardi, Giovanni"]
[Black "Gromovs, Sergejs"]
[Result "0-1"]
[WhiteElo "1826"]
[BlackElo "2206"]
[PlyCount "76"]
[EventDate "2012.08.27"]
[EventType "swiss"]
[EventRounds "8"]
[EventCountry "ITA"]
[SourceTitle "EXT 2014"]
[Source "ChessBase"]
[SourceDate "2013.11.20"]
[SourceVersion "1"]
[SourceVersionDate "2013.11.20"]
[SourceQuality "1"]

1. d4 Nf6 2. Nf3 d6 3. Bg5 Ne4 4. Bh4 c5 5. e3 Qb6 6. Qc1 cxd4 7. exd4 Bg4 8. c3 Bxf3 9. gxf3 Nf6 10. Nd2 Nbd7 11. Bd3 g6 12. Ne4 Bg7 13. Qd2 0-0 14. 0-0 d5 15. Nxf6+ Bxf6 16. Bg3 Rac8 17. Rfe1 Qc6 18. Qe2 a6 19. a4 Rfe8 20. f4 e6 21. h4 h5 22. Qf1 Nb6 23. a5 Nc4 24. Bxc4 dxc4 25. Re3 Red8 26. Qc1 Rd5 27. Re5 Qd7 28. Rxd5 Qxd5 29. Ra4 Bd8 30. Qa1 Be7 31. Qe1 Bd6 32. Qf1 Qb5 33. Qa1 Rc6 34. Qa2 Qd5 35. Kh2 Qf3 36. Rxc4 Bxf4 37. Rxc6 Qxf2+ 38. Kh1 Qf3+ 0-1

[Event "Messina op-B 1st"]
[Site "Messina"]
[Date "2011.08.28"]
[Round "1"]
[White "Velardi, Giovanni"]
[Black "Spadaro, Luciano"]
[Result "1-0"]
[WhiteElo "1706"]
[BlackElo "1506"]
[PlyCount "75"]
[EventDate "2011.08.28"]
[EventType "swiss"]
[EventRounds "3"]
[EventCountry "ITA"]
[SourceTitle "EXT 2024"]
[Source "ChessBase"]
[SourceDate "2023.10.10"]
[SourceVersion "1"]
[SourceVersionDate "2023.10.10"]
[SourceQuality "1"]

1. d4 d5 2. c4 e6 3. Nc3 Bb4 4. Qa4+ Nc6 5. Nf3 Nge7 6. Bf4 0-0 7. e3 Bd7 8. Qc2 f6 9. a3 Bxc3+ 10. bxc3 e5 11. dxe5 fxe5 12. Nxe5 Nxe5 13. Bxe5 Ng6 14. Bg3 Qg5 15. Bd3 Bf5 16. cxd5 Rad8 17. c4 Rde8 18. 0-0 h5 19. Bxf5 Rxf5 20. e4 Rf7 21. h3 h4 22. Bh2 Nf4 23. Bxf4 Rxf4 24. Rfe1 Re5 25. c5 Qg6 26. Qb2 Rg5 27. f3 Rxf3 28. Kh1 Rgg3 29. Re2 Rb3 30. Qe5 Rge3 31. Rxe3 Rxe3 32. Qf5 Qe8 33. d6 cxd6 34. cxd6 Rd3 35. e5 Rd5 36. Rc1 g6 37. Qg4 Qxe5 38. Qxg6+ 1-0